| 000 | 01264nam a22002777a 4500 | ||
|---|---|---|---|
| 001 | 4538 | ||
| 003 | FISKH | ||
| 005 | 20250327095933.0 | ||
| 008 | 240913b cb ||||| |||| 00| 0 eng d | ||
| 020 | _a070097059007 | ||
| 040 |
_aFISKH _beng _cFISKH _dFISKH |
||
| 050 | _aPS2384.M6 | ||
| 082 | _a813.3 | ||
| 100 |
_aMelville, Herman _eauthor |
||
| 245 |
_aMoby Dick / _cby Herman Melville : illustrated by Classic Editions |
||
| 260 |
_aNew York : _bWaldman Publishing Corp ; |
||
| 300 |
_a238 pages : _billustrations ; _c21 cm . |
||
| 505 | _aZ | ||
| 520 | _aThe itinerant sailor Ishmael begins a voyage on the whaling ship Pequod whose captain, Ahab, wishes to exact revenge upon the whale Moby-Dick, who destroyed his last ship and took his leg. As they search for the savage white whale, Ishmael questions all aspects of life. The story is woven in complex, lyrical language and uses many theatrical forms, such as stage direction and soliloquy. It is considered the exemplar of American Romanticism, and one of the greatest American novels of all time. . | ||
| 521 | 8 |
_a1230
_bLexile |
|
| 521 | 8 |
_aZ
_bRaz-Plus |
|
| 650 |
_awhaling _vfiction |
||
| 700 |
_aLynch, Brendan _eillustrator |
||
| 942 |
_2ddc _cBK _n0 |
||
| 999 |
_c4538 _d4538 |
||